00260 a2200109 4500001000700000040003500007100002000042240003800062245003300100300000800133362000900141156057 cEscola São Tomás de Aquino aBANDEIRA, Pedro10aAlice nos país da mentira.lpor10aAlice nos país da mentira. a1120 a2016